000 00998nam a2200193 a 4500
008 180906s2014 ||||||||||||||||| || u
050 _aAU(02)2014/1
110 _aAfrican Union (AU)
245 1 0 _aCommon African position (CAP) on the post 2015 development agenda
_cby African Union [AU]
260 _aAddis Ababa:
_bAfrican Union (AU)
_c2014
300 _a29p.: ill.
650 _aECONOMIC ASSISTANCE--AFRICA
650 0 _aAFRICA--POLITICS AND GOVERNMENT
650 _aAFRICA--SOCIAL CONDITIONS
650 0 _aSUSTAINABLE DEVELOPMENT
995 _aSPECIAL COLLECTIONS
_e3669
_FCBU-MAIN LIBRARY (Kitwe)
_jAU(02)2014/1A
_M1
_UAVAILABLE
_WSep 6, 2018
_XAfrican Union
_yB3669
_ZUniversity Collection
995 _aSPECIAL COLLECTIONS
_e3691
_FCBU-MAIN LIBRARY (Kitwe)
_jAU(02)2014/1C
_M3
_UAVAILABLE
_WSep 6, 2018
_XAfrican Union
_yB3691
_ZUniversity Collection
995 _aSPECIAL COLLECTIONS
_e3690
_FCBU-MAIN LIBRARY (Kitwe)
_jAU(02)2014/1B
_M2
_UAVAILABLE
_WSep 6, 2018
_XAfrican Union
_yB3690
_ZUniversity Collection
999 _c79512
_d79512